LEADER 01038nam0-2200349li-450 001 990000261950203316 005 20180312154707.0 035 $a0026195 035 $aUSA010026195 035 $a(ALEPH)000026195USA01 035 $a0026195 100 $a20001109d1982----km-y0itay0103----ba 101 0 $aeng 102 $aUS 200 1 $aOh! Pascal!$fby Doug Cooper and Michael Clancy 210 $aNew York ; London$cW. W. Norton &Company$dcopyr. 1982 215 $aXIX, 476 p.$cill.$d23 cm. 610 1 $alinguaggio pascal 676 $a005133$9Specifici linguaggi di programmazione 700 1$aCooper,$bDoug$0543706 702 1$aClancy,$bMichael 801 $aSistema bibliotecario di Ateneo dell' Università di Salerno$gRICA 912 $a990000261950203316 951 $a001.642 4 COO$b0010998 959 $aBK 969 $aSCI 979 $c19901106 979 $c20001110$lUSA01$h1715 979 $c20020403$lUSA01$h1634 979 $aPATRY$b90$c20040406$lUSA01$h1619 996 $aOh! Pascal$9877071 997 $aUNISA LEADER 01037nam2-2200373---450- 001 990006153930203316 005 20160617143548.0 010 $a980-01-0554-9 035 $a000615393 035 $aUSA01000615393 035 $a(ALEPH)000615393USA01 035 $a000615393 100 $a20160513d1996----km-y0itay50------ba 101 $aspa 102 $aVE 105 $a||||||||001yy 200 1 $a<> jazz y la ciudad$fRafael López-Sanz$gprólogo Alfredo Chacón 205 $a2. ed. 210 $aCaracas$cMonte Avila$d1996 215 $a109 p.$d20 cm 225 2 $aESTUDIOS. Serie Sociales$v1 410 0$1001000615363$aESTUDIOS. Serie Sociales$v, 1 606 0 $aJazz$2BNCF 676 $a781.65 700 1$aLÓPEZ-SANZ,$bRafael$0716234 702 $aCHACÓN,$bAlfredo 801 0$aIT$bsalbc$gISBD 912 $a990006153930203316 951 $aVI.7. COLL.37/ 1$b581 ISLA 959 $aBK 969 $aUMA 979 $aMARANO$b90$c20160617$lUSA01$h1435 996 $aJazz y la ciudad$91387464 997 $aUNISA